• 首页
  • 本馆介绍
  • 公告通知
  • 最新文献
  • 馆藏检索
  • 电子资源
  • 读者导购
  • 参考咨询
  • 我的图书馆
  • 登录
  • 详细信息显示
  • 放入我的书架
  • 预约/预借图书
  • 作者相关作品
  • 分类相关作品
  • 丛书相关作品
  • 出版社相关作品

书目信息

  • 表格格式
  • 工作单格式
  • 卡片格式
题名:
中华独特疗法大成
    
 
作者: 王吉匀 主编
分册:  
出版信息: 石家庄   河北科学技术出版社  2010.11
页数: 1083页
开本: 26cm
丛书名:
单 册:
中图分类: R242
科图分类: 62.27
主题词: 中医治疗法
电子资源:
ISBN: 978-7-5375-1591-7
000 01136nam0 2200409 450
000 01099nam0 2200397 450
000 01062nam0 2200385 450
000 01025nam0 2200373 450
000 00988nam0 2200361 450
000 00951nam0 2200349 450
000 00934nam0 2200349 450
000 00880nam0 2200325 450
000 00843nam0 2200313 450
000 00803nam0 2200301 450
000 00742nam0 2200289 450
000 00688nam0 2200265 450
000 00650nam0 2200253 450
000 00562nam0 22002171 450
001 0198019479
005 20110902081730.68
010    @a978-7-5375-1591-7@b精装@dCNY180.00
100    @a20021005d2010 em y0chiy0110 ea
101 0  @achi
102    @aCN@b130000
105    @ay z 000yy
200 1  @a中华独特疗法大成@9zhong hua du te liao fa da cheng@f王吉匀等主编
210    @a石家庄@c河北科学技术出版社@d2010.11
215    @a1083页@d26cm
461  0 @12001
606 0  @a中医治疗法
690    @aR242@v5
692    @a62.27@v2
701  0 @a王吉匀@9wang ji yun@4主编
801 0  @c20110902
905    @aBZT@dR242@e27
906    @dCNY98.00@n0@r1
    
    中华独特疗法大成/王吉匀等主编.-石家庄:河北科学技术出版社,2010.11
    1083页;26cm
    
    
    ISBN 978-7-5375-1591-7(精装):CNY180.00
    
●
相关链接 在五车中查询图书 在当当中查询图书 在豆瓣中查询图书


正题名:中华独特疗法大成     索取号:R242/27         预约/预借

序号 登录号 条形码 馆藏地/架位号 状态 备注
1 756317   2000756317   样本书库/样003架B面5层3列/ [索取号:R242/27] 在馆    
2 756318   2000756318   中心书库中库/ 中库003架A面3列6层13/ [索取号:R242/27] 在馆    
3 756319   2000756319   中心书库中库/ 中库003架A面3列6层10/ [索取号:R242/27] 在馆    
4 756320   2000756320   中心书库中库/ 中库003架A面3列6层12/ [索取号:R242/27] 在馆    
5 756321   2000756321   中心书库中库/ 中库003架A面3列6层11/ [索取号:R242/27] 在馆    
6 756322   2000756322   中心书库中库/ 中库003架A面3列6层14/ [索取号:R242/27] 在馆    
7 793331   2000793331   中心书库中库/ 中库004架A面2列3层28/ [索取号:R242/27] 在馆    
8 793332   2000793332   中心书库中库/ 中库004架A面2列3层27/ [索取号:R242/27] 在馆    
9 793333   2000793333   中心书库中库/ 中库004架A面2列3层29/ [索取号:R242/27] 在馆    
10 793334   2000793334   中心书库中库/ 中库004架A面2列3层26/ [索取号:R242/27] 在馆    
山东省滨州职业学院图书馆 欢迎您!
大连网信软件有限公司© 版权所有